[Event "SC Weiler im Allgäu 1 - SK Bebenhausen 1"]
[Site "Oberliga Württemberg 2017/2018"]
[Date "2017.12.10"]
[Round "5"]
[White "Braun, Georg"]
[Black "Plat, Vojtech"]
[Result "0-1"]
[WhiteElo "2297"]
[BlackElo "2548"]
[Annotator ""]
[Source ""]
[Remark ""]

1.Nf3 Nf6 2.g3 g6 3.Bg2 Bg7 4.O-O O-O 5.d4 d5 6.c4 dxc4 7.Na3
Nc6 8.Nxc4 Be6 9.b3 a5 10.Bb2 Bd5 11.Ne3 Be4 12.Qd2 a4 13.Rfd1
Nd5 14.Nxd5 Qxd5 15.b4 Rfd8 16.a3 Qb3 17.e3 Bxf3 18.Bxf3 Nxd4
19.Bxd4 Bxd4 20.Rab1 Qxa3 21.Bxb7 Be5 22.Qxd8+ Rxd8 23.Rxd8+
Kg7 24.Rd2 Qc3 25.Ra2 Qd3 26.Rc1 a3 27.Kg2 Qb3 28.Rc5 Qxa2 29.Rxe5
Qb2 0-1

[Event "SC Weiler im Allgäu 1 - SK Bebenhausen 1"]
[Site "Oberliga Württemberg 2017/2018"]
[Date "2017.12.10"]
[Round "5"]
[White "Henrichs, Thomas"]
[Black "Bräuning, Rudolf Wilhelm"]
[Result "1-0"]
[WhiteElo "2478"]
[BlackElo "2259"]
[Annotator ""]
[Source ""]
[Remark ""]

1.e4 g6 2.d4 Bg7 3.Nf3 d6 4.Bc4 e6 5.Bb3 b5 6.Qe2 a6 7.c3 Nd7
8.a4 Bb7 9.Bc2 Ne7 10.Nbd2 bxa4 11.Rxa4 O-O 12.Nb3 Nc6 13.O-O
Nb6 14.Ra2 a5 15.Bg5 Qd7 16.Rfa1 Ba6 17.Qd1 a4 18.Nbd2 Bb5 19.Nf1
Rfb8 20.Bc1 Na5 21.Ne3 Qc6 22.d5 exd5 23.Nd4 Qc5 24.Nxb5 Qxb5
25.Bxa4 Nxa4 26.Rxa4 dxe4 27.Qd5 Qxd5 28.Nxd5 c6 29.Nb4 c5 30.Nd5
f5 31.Rxa5 Rxa5 32.Rxa5 Rb7 33.Ra6 Be5 34.f4 exf3 35.gxf3 f4
36.Nxf4 Rf7 37.Ra8+ Kg7 38.Ne6+ Kf6 39.Ng5 Rb7 40.Rf8+ Kg7 41.Ne6# 1-0

[Event "SC Weiler im Allgäu 1 - SK Bebenhausen 1"]
[Site "Oberliga Württemberg 2017/2018"]
[Date "2017.12.10"]
[Round "5"]
[White "Carstens, Andreas"]
[Black "Balacek, Tadeas"]
[Result "0-1"]
[WhiteElo "2230"]
[BlackElo "2291"]
[Annotator ""]
[Source ""]
[Remark ""]

1.e4 e6 2.d4 d5 3.Nd2 c5 4.exd5 Qxd5 5.Ngf3 cxd4 6.Bc4 Qd8 7.O-O
Nc6 8.Nb3 a6 9.Nbxd4 Nxd4 10.Nxd4 Qc7 11.Bb3 Bd6 12.h3 Ne7 13.Re1
O-O 14.Qh5 Ng6 15.Bd2 Qc5 16.Qxc5 Bxc5 17.Be3 b6 18.Rad1 Bb7
19.Bc4 Rfd8 20.c3 Kf8 21.b4 Bxd4 22.Bxd4 b5 23.Bf1 e5 24.Bb6
Rxd1 25.Rxd1 Ke7 26.c4 Bc6 27.c5 e4 28.Rd6 Ne5 29.Be2 Rb8 30.Rd4
Rb7 31.Bd8+ Ke8 32.Bg5 Rd7 33.Be3 f5 34.Kf1 Ke7 35.Ke1 Ke6 36.Kd2
f4 37.Rxd7 fxe3+ 38.fxe3 Bxd7 39.Kc3 Kd5 40.a4 Bc6 41.axb5 Bxb5
42.Bd1 Nc6 43.Bb3+ Ke5 44.Bg8 h6 45.g3 Ne7 0-1

[Event "SC Weiler im Allgäu 1 - SK Bebenhausen 1"]
[Site "Oberliga Württemberg 2017/2018"]
[Date "2017.12.10"]
[Round "5"]
[White "Hasenohr, Benedict"]
[Black "Frick, Christoph"]
[Result "0-1"]
[WhiteElo "2332"]
[BlackElo "2215"]
[Annotator ""]
[Source ""]
[Remark ""]

1.d4 d5 2.c4 c6 3.cxd5 cxd5 4.Bf4 Nf6 5.Nc3 Qb6 6.Rc1 Bd7 7.e3
e6 8.Bd3 Be7 9.Nge2 Nc6 10.O-O Nh5 11.a3 Nxf4 12.Nxf4 O-O 13.Na4
Qc7 14.b4 Qd6 15.Nc5 Bc8 16.Bb1 g6 17.Nfd3 b6 18.Na4 Ba6 19.Nab2
e5 20.Qa4 Bb7 21.b5 Na5 22.Nxe5 Qxa3 23.Rc2 Rfc8 24.Rfc1 Qxb2
25.Nc6 Qa3 26.Nxe7+ Qxe7 27.h3 Qd7 28.Rd1 a6 29.Rb2 axb5 30.Qxb5
Bc6 31.Qb4 Nc4 32.Re2 Ra4 33.Qe1 Ra1 34.Qc3 Rca8 35.e4 R8a3 36.Qe1
dxe4 37.d5 0-1

[Event "SC Weiler im Allgäu 1 - SK Bebenhausen 1"]
[Site "Oberliga Württemberg 2017/2018"]
[Date "2017.12.10"]
[Round "5"]
[White "Latzke, Boris"]
[Black "Wunder, Niklas"]
[Result "1/2-1/2"]
[WhiteElo "2192"]
[BlackElo "2090"]
[Annotator ""]
[Source ""]
[Remark ""]

1.d4 d5 2.c4 c6 3.Nf3 Nf6 4.Nc3 dxc4 5.a4 Bf5 6.e3 e6 7.Bxc4
Bb4 8.O-O Nbd7 9.Qe2 Bg6 10.e4 O-O 11.e5 Nd5 12.Nxd5 cxd5 13.Bd3
Bxd3 14.Qxd3 h6 15.Qb5 Qa5 16.Qxd7 a6 17.Bxh6 gxh6 18.Qxb7 Rab8
19.Qa7 Ra8 20.Qb7 Rab8 21.Qa7 Ra8 1/2-1/2

[Event "SC Weiler im Allgäu 1 - SK Bebenhausen 1"]
[Site "Oberliga Württemberg 2017/2018"]
[Date "2017.12.10"]
[Round "5"]
[White "Srba, Milan"]
[Black "Khadempour, Farhad"]
[Result "1-0"]
[WhiteElo "2157"]
[BlackElo "2141"]
[Annotator ""]
[Source ""]
[Remark ""]

1.e4 e5 2.Nf3 Nf6 3.Nxe5 d6 4.Nxf7 Kxf7 5.d4 c5 6.c3 Qe8 7.Bd3
Nc6 8.O-O cxd4 9.cxd4 Nxd4 10.Bc4+ Ne6 11.f4 Qc6 12.Nd2 Nxe4
13.f5 Qc5+ 14.Kh1 Nf2+ 15.Rxf2 Qxf2 16.fxe6+ Ke8 17.Ne4 Qf5 18.Qa4+
Kd8 19.Bg5+ Kc7 20.Rc1 Kb8 21.Qe8 a6 22.Bd5 Qxd5 23.Rxc8+ Ka7
24.Rxa8+ Kb6 25.Bd8# 1-0

[Event "SC Weiler im Allgäu 1 - SK Bebenhausen 1"]
[Site "Oberliga Württemberg 2017/2018"]
[Date "2017.12.10"]
[Round "5"]
[White "Roth, Jürgen Eugen"]
[Black "Wunder, Fabian"]
[Result "1-0"]
[WhiteElo "2099"]
[BlackElo "2043"]
[Annotator ""]
[Source ""]
[Remark ""]

1.Nf3 f5 2.d4 Nf6 3.g3 e6 4.Bg2 d5 5.O-O Bd6 6.c4 c6 7.b3 Qe7
8.a4 a5 9.Ba3 O-O 10.Bxd6 Qxd6 11.Nc3 Nbd7 12.Qc2 Ne4 13.Rad1
b6 14.Nxe4 fxe4 15.Ng5 Nf6 16.f3 exf3 17.Rxf3 g6 18.e4 dxe4 19.Rxf6
Rxf6 20.Nxe4 Qe7 21.Nxf6+ Qxf6 22.Bxc6 Rb8 23.Qe4 Qf5 24.Qe3
Bb7 25.Rf1 Qh3 26.Qf4 e5 27.Qf7+ Kh8 28.Bxb7 1-0

[Event "SC Weiler im Allgäu 1 - SK Bebenhausen 1"]
[Site "Oberliga Württemberg 2017/2018"]
[Date "2017.12.10"]
[Round "5"]
[White "Hosticka, Frantisek"]
[Black "Kitzberger, Joachim"]
[Result "1/2-1/2"]
[WhiteElo "2090"]
[BlackElo "2046"]
[Annotator ""]
[Source ""]
[Remark ""]

1.e4 d5 2.exd5 Qxd5 3.Nf3 Bg4 4.Be2 Nf6 5.h3 Bh5 6.d4 e6 7.O-O
c6 8.Re1 Bb4 9.c3 Ba5 10.Nbd2 O-O 11.Ne5 Bxe2 12.Qxe2 Nbd7 13.Ndf3
Qb5 14.Qc2 Bc7 15.Bf4 Nxe5 16.Bxe5 Bxe5 17.dxe5 Nd5 18.Re4 Ne7
19.Rb4 Qa6 20.Ng5 Ng6 21.h4 Rfd8 22.h5 Nf8 23.h6 gxh6 24.Ne4
b6 25.Qc1 Kg7 26.Qf4 Ng6 27.Qf6+ Kg8 28.Nd6 Rd7 29.Rd4 Rc7 30.Rad1
Qe2 31.Ne4 Rf8 32.R1d3 Qxb2 33.Re3 Qc1+ 34.Kh2 Qa3 35.Rh3 Qe7
36.Rxh6 Rfc8 37.Qxe7 Nxe7 38.Nf6+ Kf8 39.Rxh7 Nf5 40.Rd3 Ne7
41.Nd7+ Kg8 42.Nf6+ Kf8 43.Nd7+ 1/2-1/2

[Event "SV Jedesheim 1 - Stuttgarter SF 1"]
[Site "Oberliga Württemberg 2017/2018"]
[Date "2017.12.10"]
[Round "5"]
[White "Kvetny, Mark"]
[Black "Pikula, Dejan"]
[Result "1/2-1/2"]
[WhiteElo "2385"]
[BlackElo "2473"]
[Annotator ""]
[Source ""]
[Remark ""]

1.c4 e5 2.Nc3 Nf6 3.g3 Nc6 4.Bg2 Bc5 5.e3 d6 6.Nge2 a6 7.a3 Ba7
8.b4 O-O 9.d3 Ne7 10.O-O c6 11.h3 Be6 12.Kh2 Ne8 13.e4 f5 14.f4
Nf6 15.c5 fxe4 16.fxe5 dxe5 17.dxe4 Qxd1 18.Rxd1 Bb3 19.Rf1 Rad8
20.Rb1 Bc4 21.Bg5 h6 22.Bxf6 Rxf6 23.Rbd1 Rxd1 24.Rxd1 Be6 25.Ng1
Ng6 26.Bf3 Bb8 27.Kg2 {(=)} Bc7 28.Be2 Nf8 29.Nf3 Kf7 30.Nh2
Ke7 31.Nf1 g6 32.Ne3 h5 33.Ned5+ cxd5 34.exd5 Bf7 35.Ne4 Bxd5
36.Rxd5 Rf5 37.Nd6 Bxd6 38.Rxd6 e4 39.Rb6 e3 40.Rxb7+ Kd8 41.Bf3
Ne6 42.g4 Rf4 43.gxh5 Ng5 44.h6 Rxf3 45.h7 Rf2+ 46.Kg3 Ne4+ 47.Kg4
Nf6+ 48.Kg3 Ne4+ 49.Kg4 1/2-1/2

[Event "SV Jedesheim 1 - Stuttgarter SF 1"]
[Site "Oberliga Württemberg 2017/2018"]
[Date "2017.12.10"]
[Round "5"]
[White "Krassowizkij, Jaroslaw"]
[Black "Benkovic, Petar"]
[Result "1/2-1/2"]
[WhiteElo "2423"]
[BlackElo "2314"]
[Annotator ""]
[Source ""]
[Remark ""]

1.d4 Nf6 2.c4 e6 3.Nc3 d5 4.cxd5 exd5 5.Bg5 c6 6.e3 Be7 7.Bd3
Nbd7 8.Nge2 Nh5 9.Bxe7 Qxe7 10.g4 Nhf6 11.Ng3 Nb6 12.g5 Nfd7
13.h4 g6 14.Qe2 Nf8 15.f4 h6 16.O-O-O hxg5 17.hxg5 Rxh1 18.Rxh1
Bd7 19.Nf1 O-O-O 20.Nd2 Re8 21.Rh8 Ne6 22.Rxe8+ Qxe8 23.Nf3 Ng7
24.Qf2 Bf5 25.Bf1 Qh8 26.Qh2 Qxh2 27.Nxh2 Kc7 28.Nf3 Nc8 29.Ne5
Nd6 30.b4 Be6 31.Bd3 Bf5 32.Be2 Be6 33.b5 Ngf5 34.Kd2 Ng3 35.bxc6
bxc6 36.Bd1 Nde4+ 37.Nxe4 Nxe4+ 38.Kc2 Kd6 39.Bf3 Ng3 40.Kc3
c5 41.dxc5+ Kxc5 42.Nd3+ Kd6 43.a3 Nf5 44.Kd2 Ne7 45.Ne5 Nc6
46.Nxc6 Kxc6 47.Kc3 Kc5 48.Bd1 Bd7 49.Bc2 Be6 50.Bb3 Bd7 51.Bd1
Bc6 52.Bg4 Bb5 53.Bc8 Bc6 54.f5 gxf5 55.Bxf5 Bb5 56.Bg4 a5 57.Bh5
Be8 58.Bd1 Bd7 59.Bb3 Bf5 60.Kd2 Be4 61.Kc3 Bf5 62.Kd2 1/2-1/2

[Event "SV Jedesheim 1 - Stuttgarter SF 1"]
[Site "Oberliga Württemberg 2017/2018"]
[Date "2017.12.10"]
[Round "5"]
[White "Neyman, Igor"]
[Black "Heidenfeld, Mark"]
[Result "1/2-1/2"]
[WhiteElo "2276"]
[BlackElo "2340"]
[Annotator ""]
[Source ""]
[Remark ""]

1.d4 Nf6 2.c4 e6 3.Nc3 Bb4 4.Nf3 d5 5.cxd5 Qxd5 6.a3 Bxc3+ 7.bxc3
c5 8.e3 O-O 9.Be2 b6 10.c4 Qd6 11.Bb2 Nbd7 12.O-O Bb7 13.Qb3
Rfd8 14.Rfd1 cxd4 15.exd4 Rac8 1/2-1/2

[Event "SV Jedesheim 1 - Stuttgarter SF 1"]
[Site "Oberliga Württemberg 2017/2018"]
[Date "2017.12.10"]
[Round "5"]
[White "Anistratov, Dmitriy"]
[Black "Strunski, Andreas"]
[Result "1/2-1/2"]
[WhiteElo "2233"]
[BlackElo "2229"]
[Annotator ""]
[Source ""]
[Remark ""]

1.Nf3 d5 2.g3 Bg4 3.Bg2 c6 4.c4 e6 5.O-O Nd7 6.cxd5 cxd5 7.d3
Bd6 8.Qb3 Nc5 9.Qd1 Ne7 10.Nc3 a6 11.d4 Nd7 12.e4 O-O 13.h3 Bh5
14.exd5 exd5 15.Qb3 Nb6 16.Ne2 Nc6 17.g4 Bg6 18.Nf4 Be4 19.Ne2
Re8 20.Bg5 Qc7 21.Qd1 h6 22.Bh4 Nc4 23.b3 Nb2 24.Qd2 Nd3 25.Bg3
Bxg3 26.fxg3 Ncb4 27.a3 Qc2 28.Rad1 Bh7 29.Nf4 Nxf4 30.gxf4 Re2
31.Qxc2 Nxc2 32.Rf2 Rxf2 33.Kxf2 Nxa3 34.f5 Nb5 35.Ne5 Rd8 36.Ke3
g6 37.fxg6 Bxg6 38.Nxg6 fxg6 39.Kd3 Kg7 40.Rc1 Kf6 41.h4 Rd6
42.g5+ hxg5 43.Rf1+ Ke7 44.hxg5 Nc7 45.Bh3 Rb6 46.Re1+ Kf7 47.Kc3
Ne6 48.Rf1+ Ke7 49.Re1 Kf7 50.Rf1+ Kg7 51.Bxe6 Rxe6 52.Kb4 Rb6+
53.Kc3 Rc6+ 54.Kd3 Re6 55.Rc1 Re7 56.Rc5 Rd7 57.Rc1 Kf8 58.Rh1
Rd6 59.Rh7 Rb6 60.Kc3 Rc6+ 1/2-1/2

[Event "SV Jedesheim 1 - Stuttgarter SF 1"]
[Site "Oberliga Württemberg 2017/2018"]
[Date "2017.12.10"]
[Round "5"]
[White "Gabriel, Robert"]
[Black "Engelhart, Achim"]
[Result "1/2-1/2"]
[WhiteElo "2133"]
[BlackElo "2073"]
[Annotator ""]
[Source ""]
[Remark ""]

1.e4 e6 2.d4 d5 3.exd5 exd5 4.Nf3 Bg4 5.Bd3 Nc6 6.c3 Bd6 7.O-O
Nge7 8.Nbd2 Qd7 9.b4 O-O 10.Re1 f6 11.Nf1 Bf5 12.Ng3 Bxd3 13.Qxd3
Nd8 14.a4 Nf7 15.b5 a6 16.Rb1 axb5 1/2-1/2

[Event "SV Jedesheim 1 - Stuttgarter SF 1"]
[Site "Oberliga Württemberg 2017/2018"]
[Date "2017.12.10"]
[Round "5"]
[White "Hofer, Emilian"]
[Black "Seyfried, Claus"]
[Result "1-0"]
[WhiteElo "2156"]
[BlackElo "2122"]
[Annotator ""]
[Source ""]
[Remark ""]

1.e4 e5 2.Nf3 Nc6 3.Bb5 a6 4.Ba4 Nf6 5.O-O Be7 6.Re1 b5 7.Bb3
O-O 8.a4 b4 9.d4 d6 10.dxe5 dxe5 11.Qxd8 Rxd8 12.Bg5 Bg4 13.Bxf6
Bxf6 14.Bd5 Rd6 15.Nbd2 Rad8 16.Nc4 Rxd5 17.exd5 Rxd5 18.Ne3
Bxf3 19.gxf3 Rc5 20.Kg2 Nd4 21.Rac1 Ne6 22.Red1 Kf8 23.c3 Ra5
24.cxb4 Rxa4 25.Nd5 Bg5 26.Rc6 g6 27.Nxc7 Nf4+ 28.Kf1 Rxb4 {(=)}
29.Nd5 Rxb2 30.Nxf4 Bxf4 31.Rd7 Rd2 32.Ra7 e4 33.fxe4 Be5 34.Ke1
Rd4 35.f3 Rd3 36.Ke2 Rb3 37.Raxa6 Rb2+ 38.Ke1 Rxh2 39.Ra7 Rb2
40.f4 Bxf4 41.Rf6 Bg3+ 42.Kf1 Kg7 43.Rfxf7+ Kh6 44.Rf3 Be5 45.Ra5
Rb1+ 46.Ke2 Rb2+ 47.Kd1 Bd4 48.Rd5 Rb1+ 49.Kc2 Rb2+ 50.Kc1 Rb4
51.e5 Bb6 52.Kc2 Re4 53.Kd3 Re1 54.Rb5 Bc7 55.Kd4 Kg5 56.Rf7
Bd8 57.e6+ Kg4 58.Re5 Rd1+ 59.Kc4 h5 60.e7 Bxe7 61.Rfxe7 h4 62.R7e6
Kf4 63.Re4+ Kf5 64.R6e5+ Kf6 65.Rd5 Rc1+ 66.Kd4 Rd1+ 67.Kc5 Rc1+
68.Kd6 h3 69.Rf4+ Kg7 70.Rd2 Rc3 71.Rg4 Kh6 72.Ke5 Kh5 73.Rg1
g5 {(=)} 74.Rd8 Re3+ 75.Kf5 Rf3+ 76.Ke4 Ra3 77.Rh8+ Kg6 78.Rg8+
Kf6 79.Rf1+ Ke6 80.Rg6+ Ke7 81.Rxg5 1-0

[Event "SC Weiße Dame Ulm 1 - Heilbronner SV 1"]
[Site "Oberliga Württemberg 2017/2018"]
[Date "2017.12.10"]
[Round "5"]
[White "Schulze, Ulrich"]
[Black "Jochens, Arne"]
[Result "1/2-1/2"]
[WhiteElo "2282"]
[BlackElo "2233"]
[Annotator ""]
[Source ""]
[Remark ""]

1.d4 Nf6 2.Nf3 g6 3.g3 Bg7 4.Bg2 O-O 5.c4 d6 6.Nc3 Nc6 7.O-O
a6 8.b3 Rb8 9.Nd5 Bg4 10.Bb2 Re8 11.Ne3 Bxf3 12.Bxf3 e5 13.dxe5
Nxe5 14.Bg2 Qe7 15.Qc2 Neg4 16.Nxg4 Nxg4 17.Rad1 Bxb2 18.Qxb2
h5 19.Rd2 Qe5 20.Qxe5 Rxe5 21.Rc1 b6 22.b4 Nf6 23.Bc6 Kg7 24.h4
g5 25.hxg5 Rxg5 26.Rd4 Rh8 27.Rh4 Re5 28.e3 Ng4 29.Rc2 a5 30.a3
axb4 31.axb4 Re7 32.Kf1 Ne5 33.Be4 Ng4 34.Bf3 f5 35.Ke2 Kg6 36.Ra2
Rb8 37.b5 Rf8 38.Ra7 Kg5 39.Rh1 f4 40.gxf4+ Rxf4 41.Ra8 Rff7
42.Bxg4 hxg4 43.Rah8 Rg7 44.Rg1 Kf5 45.Rh5+ Ke6 46.Rh4 Kf5 47.Rg3
Rg5 48.Kd3 Reg7 49.Rh8 Ke6 50.Rf8 d5 51.Rf4 1/2-1/2

[Event "SC Weiße Dame Ulm 1 - Heilbronner SV 1"]
[Site "Oberliga Württemberg 2017/2018"]
[Date "2017.12.10"]
[Round "5"]
[White "Fleischer, Frank"]
[Black "Zuferi, Enis"]
[Result "1/2-1/2"]
[WhiteElo "2180"]
[BlackElo "2294"]
[Annotator ""]
[Source ""]
[Remark ""]

1.e4 c5 2.c3 Nf6 3.e5 Nd5 4.Nf3 Nc6 5.d4 cxd4 6.Bc4 Nb6 7.Bb3
d5 8.exd6 Qxd6 9.O-O Be6 10.Bxe6 Qxe6 11.Nxd4 Nxd4 12.Qxd4 Rd8
13.Qh4 Qe2 14.Bd2 Rxd2 15.Nxd2 Qxd2 16.Rfd1 Qh6 17.Qg3 Qc6 18.Rd4
f6 19.Qb8+ Qc8 20.Qxa7 e5 21.Rd3 Qc7 22.Rad1 Be7 23.Qa5 Qc6 24.b3
Kf7 25.c4 Ra8 26.Qd2 Bc5 27.a4 Bd4 28.Rxd4 exd4 29.Qxd4 Re8 30.h3
Re5 31.Rd2 Re1+ 32.Kh2 Qc7+ 33.f4 Qc6 34.c5 Re4 35.Qd3 Nc8 36.b4
Qe6 37.b5 Ne7 38.a5 Rxf4 39.Re2 Qc4 40.Qe3 Qxb5 41.Qxe7+ Kg6
42.Re3 Kh6 43.Rg3 g5 44.Qf8+ Kg6 45.Qg8+ Kh6 46.Qf8+ Kg6 47.Qg8+ 1/2-1/2

[Event "SC Weiße Dame Ulm 1 - Heilbronner SV 1"]
[Site "Oberliga Württemberg 2017/2018"]
[Date "2017.12.10"]
[Round "5"]
[White "Weber, Franz-Josef"]
[Black "Degenhard, Simon"]
[Result "1/2-1/2"]
[WhiteElo "2046"]
[BlackElo "2153"]
[Annotator ""]
[Source ""]
[Remark ""]

1.e4 c5 2.Nf3 e6 3.c3 d5 4.e5 Bd7 5.d4 a6 6.Bd3 cxd4 7.cxd4 Bb5
8.Bxb5+ axb5 9.O-O b4 10.Qd3 Nc6 11.Nbd2 Qb6 12.Nb3 Nge7 13.Bd2
h5 14.Rfc1 Nf5 15.Bg5 h4 16.h3 Rh5 17.Qd2 Qb5 18.Rc2 Ra4 19.Kh2
Qa6 20.Nc5 Bxc5 21.Rxc5 Rxa2 22.Rxc6 bxc6 23.Qxb4 Rxg5 24.Rxa2
Rxg2+ 25.Kxg2 Qxa2 26.Qb8+ Kd7 27.Qb7+ Ke8 28.Qc8+ Ke7 29.Qc7+
Ke8 30.Ng5 Nh6 31.Qxc6+ Ke7 32.Qd6+ Ke8 33.Qb8+ Ke7 34.Qc7+ Ke8
35.Nh7 Qb1 36.Qc8+ Ke7 37.Qc7+ 1/2-1/2

[Event "SC Weiße Dame Ulm 1 - Heilbronner SV 1"]
[Site "Oberliga Württemberg 2017/2018"]
[Date "2017.12.10"]
[Round "5"]
[White "Stürmer, Robin"]
[Black "Mierzwa, Robert"]
[Result "1-0"]
[WhiteElo "2216"]
[BlackElo "1990"]
[Annotator ""]
[Source ""]
[Remark ""]

1.d4 Nf6 2.c4 g6 3.Nc3 d5 4.e3 Bg7 5.Qb3 c6 6.Nf3 O-O 7.Bd2 e6
8.Bd3 Nbd7 9.cxd5 exd5 10.O-O Re8 11.Rfc1 Ne4 12.Be1 f5 13.a4
Kh8 14.a5 g5 15.a6 g4 16.axb7 Bxb7 17.Qxb7 gxf3 18.gxf3 Ndc5
19.dxc5 Nxc5 20.Qxc6 Nxd3 21.Rd1 Nxe1 22.Rxe1 Rg8 23.Kh1 Qh4
24.Qxd5 Qxf2 25.Re2 Qh4 26.Qxf5 Raf8 27.Qd5 Rd8 28.Qc6 Qh5 29.Rxa7
Bxc3 30.Qxc3+ 1-0

[Event "SC Weiße Dame Ulm 1 - Heilbronner SV 1"]
[Site "Oberliga Württemberg 2017/2018"]
[Date "2017.12.10"]
[Round "5"]
[White "Wolf, Rainer"]
[Black "Tschlatscher, Thomas"]
[Result "1/2-1/2"]
[WhiteElo "2004"]
[BlackElo "2117"]
[Annotator ""]
[Source ""]
[Remark ""]

1.d4 Nf6 2.c4 e6 3.Nc3 d5 4.e3 Be7 5.Nf3 O-O 6.cxd5 exd5 7.Bd3
c6 8.h3 Re8 9.O-O Nbd7 10.Qc2 Nf8 11.Rd1 g6 12.e4 dxe4 13.Nxe4
Nxe4 14.Bxe4 Be6 15.Ne5 Bd5 16.Bxd5 Qxd5 17.Ng4 Rad8 18.Bf4 f5
19.Ne3 Qf7 20.Nc4 Bf6 21.Nd6 Rxd6 22.Bxd6 Rd8 23.Bxf8 Qxf8 24.Qb3+
Qf7 25.Qxf7+ Kxf7 26.Kf1 Bxd4 27.Rac1 Rd6 28.b4 b6 29.Rc4 c5
30.bxc5 bxc5 31.Ra4 a6 32.Rd3 Rc6 33.Rc4 Rb6 34.Rb3 Rc6 35.Rb7+
Ke6 36.Rxh7 Kd5 37.Rc2 c4 38.Ke2 Re6+ 39.Kf3 c3 40.Rc7 Re4 41.Re2
Be5 42.Rc8 Rf4+ 43.Ke3 Rd4 44.g3 g5 45.Rc2 f4+ 46.gxf4 Bxf4+
47.Kf3 Bd2 48.Rd8+ Kc4 49.Rxd4+ Kxd4 50.Ke2 Bf4 51.a4 a5 52.Ra2
Kc4 53.Rc2 Kd4 54.Ra2 Kc4 1/2-1/2

[Event "SC Weiße Dame Ulm 1 - Heilbronner SV 1"]
[Site "Oberliga Württemberg 2017/2018"]
[Date "2017.12.10"]
[Round "5"]
[White "Lainburg, Viktor"]
[Black "Wenninger, Patrick"]
[Result "0-1"]
[WhiteElo "1833"]
[BlackElo "2049"]
[Annotator ""]
[Source ""]
[Remark ""]

1.d4 d5 2.Bg5 g6 3.e3 Bg7 4.c4 c6 5.Nf3 Nf6 6.Nc3 O-O 7.Qb3 e6
8.Be2 Nbd7 9.cxd5 exd5 10.O-O Re8 11.Rfd1 Nf8 12.Bh4 Ne6 13.Ne5
Bf8 14.Ng4 Be7 15.Nxf6+ {(=)} Bxf6 16.Bxf6 Qxf6 17.Bf1 h5 18.Qc2
Ng5 19.b4 h4 20.b5 h3 21.bxc6 hxg2 22.Bxg2 bxc6 23.Qe2 Kg7 24.f4
Nh3+ 25.Bxh3 Bxh3 26.Qf2 Rh8 27.e4 Rh4 28.e5 Rg4+ 29.Kh1 Qf5
30.Rg1 Rxf4 31.Qe1 Rf2 32.Rg3 Rf1+ 33.Qxf1 Bxf1 34.Kg1 Ba6 35.Re1
Rb8 0-1

[Event "TG Biberach 1 - Heilbronner SV 1"]
[Site "Oberliga Württemberg 2017/2018"]
[Date "2018.01.21"]
[Round "6"]
[White "Schulze, Ulrich"]
[Black "Sinz, Bernhard"]
[Result "1-0"]
[WhiteElo "2282"]
[BlackElo "2344"]
[Annotator ""]
[Source ""]
[Remark ""]

1.d4 d5 2.Nf3 c6 3.c4 e6 4.e3 f5 5.Nc3 Nf6 6.Bd3 Bd6 7.O-O O-O
8.b3 Ne4 9.Ne2 Nd7 10.Bb2 b6 11.Ne5 Qc7 12.f3 Nec5 13.f4 Nxd3
14.Qxd3 Ba6 15.Rfc1 Rac8 16.Qd1 dxc4 17.bxc4 c5 18.Qa4 Bb7 19.Qxd7
Bxe5 20.Qxe6+ 1-0

[Event "TG Biberach 1 - Heilbronner SV 1"]
[Site "Oberliga Württemberg 2017/2018"]
[Date "2018.01.21"]
[Round "6"]
[White "Oberst, Thomas"]
[Black "Zuferi, Enis"]
[Result "0-1"]
[WhiteElo "2270"]
[BlackElo "2294"]
[Annotator ""]
[Source ""]
[Remark ""]

1.e4 c5 2.Nc3 a6 3.g3 b5 4.Bg2 Bb7 5.a3 e6 6.Nh3 Nf6 7.d3 Be7
8.O-O d6 9.f4 h5 10.Nf2 Qc7 11.h3 Nc6 12.Ne2 d5 13.e5 Nd7 14.c3
Rc8 15.Be3 a5 16.d4 cxd4 17.cxd4 Qb6 18.Nd3 Ba6 19.Rf3 g6 20.Rc1
b4 21.a4 Qa7 22.b3 Bd8 23.Rc2 Bb6 24.Ndc1 Rc7 25.Bf2 Kd8 26.Rd2
Kc8 27.g4 Kb8 28.Bf1 Rhc8 29.Na2 Ka8 30.Kg2 f6 31.gxh5 gxh5 32.Ng3
Rh8 33.Bxa6 Qxa6 34.Nc1 h4 35.Nf1 Kb7 36.Ne2 Qa7 37.Qe1 Rg8+
38.Kh2 Rcc8 39.Bxh4 Bxd4 40.Nxd4 Nxd4 41.Rxd4 Qxd4 42.Bf2 Rc2
43.Ng3 fxe5 0-1

[Event "TG Biberach 1 - Heilbronner SV 1"]
[Site "Oberliga Württemberg 2017/2018"]
[Date "2018.01.21"]
[Round "6"]
[White "Pogan, Nikolas"]
[Black "Fischer, André"]
[Result "1/2-1/2"]
[WhiteElo "2209"]
[BlackElo "2261"]
[Annotator ""]
[Source ""]
[Remark ""]

1.c4 c5 2.Nc3 Nc6 3.g3 g6 4.Bg2 Bg7 5.e3 e6 6.Nge2 Nge7 7.O-O
O-O 8.Rb1 d5 9.d3 b6 10.a3 Bb7 11.b4 cxb4 12.axb4 dxc4 13.dxc4
Qc8 14.Ne4 Rd8 15.Qc2 Ne5 16.c5 f5 17.Nd2 Bxg2 18.Kxg2 Qc6+ 19.f3
Rac8 20.Nd4 Qd5 21.N2b3 N5c6 22.Nxc6 Nxc6 23.Ba3 bxc5 24.Nxc5
Qd2+ 25.Qxd2 Rxd2+ 26.Rf2 Rxf2+ 27.Kxf2 Kf7 28.Rd1 Rd8 29.Rxd8
Nxd8 1/2-1/2

[Event "TG Biberach 1 - Heilbronner SV 1"]
[Site "Oberliga Württemberg 2017/2018"]
[Date "2018.01.21"]
[Round "6"]
[White "Mack, Wolfgang"]
[Black "Blum, Nicolas"]
[Result "1-0"]
[WhiteElo "2162"]
[BlackElo "2221"]
[Annotator ""]
[Source ""]
[Remark ""]

1.c4 e5 2.Nc3 Nf6 3.g3 Nc6 4.Bg2 Bc5 5.Nf3 d6 6.d3 h6 7.O-O O-O
8.Na4 Bb6 9.a3 Nd4 10.Nxd4 Bxd4 11.e3 Bb6 12.b4 c6 13.Nxb6 Qxb6
14.Bb2 Re8 15.Qd2 d5 16.Rfc1 dxc4 17.dxc4 Bf5 18.c5 Qc7 19.Rd1
Rad8 20.Qe2 Be4 21.f3 Bd5 22.Qc2 Nh7 23.e4 Be6 24.Bf1 Ng5 25.Be2
f6 26.a4 Qf7 27.Rxd8 Rxd8 28.h4 Nh7 29.b5 g5 30.hxg5 hxg5 31.Kg2
Nf8 32.a5 Qd7 33.Rd1 Qc7 34.b6 axb6 35.cxb6 Qc8 36.Rxd8 Qxd8
37.Ba3 Qd4 38.Bc5 Qd7 39.a6 bxa6 40.Bxa6 Qh7 41.Bg1 Bh3+ 42.Kf2
Qd7 43.Ke1 g4 44.b7 Qc7 45.Qb3+ Kg7 46.b8Q Qa5+ 47.Q3b4 Qa1+
48.Kf2 1-0

[Event "TG Biberach 1 - Heilbronner SV 1"]
[Site "Oberliga Württemberg 2017/2018"]
[Date "2018.01.21"]
[Round "6"]
[White "Degenhard, Simon"]
[Black "Schulze, Andreas"]
[Result "1/2-1/2"]
[WhiteElo "2189"]
[BlackElo "2185"]
[Annotator ""]
[Source ""]
[Remark ""]

1.d4 Nf6 2.Nf3 g6 3.Nc3 d5 4.Bf4 c5 5.e3 Bg7 6.Be2 O-O 7.Ne5
cxd4 8.exd4 Qb6 9.Qd2 Nc6 10.Nxc6 Qxc6 11.Bh6 Bf5 12.Bxg7 Kxg7
13.O-O Rac8 14.Rfe1 a6 15.Bd3 Bxd3 16.Qxd3 b5 17.a3 Qd6 18.Qg3
Qxg3 19.hxg3 e6 20.Rec1 Rc6 21.Kf1 Rfc8 22.Ke2 Rc4 23.Rd1 Rxc3
24.bxc3 Ne4 25.Rd3 Nxc3+ 26.Ke1 Rc4 27.f3 Na4 28.Ra2 Kf6 29.Kd2
Ke7 30.g4 Kf6 31.c3 Nb6 32.Kc2 Kg5 33.g3 h5 34.gxh5 Kxh5 35.Kb3
Kg5 36.Rd1 Rc8 37.Rh1 Kf6 38.Rh7 Ke7 39.Re2 Na4 40.Re3 1/2-1/2

[Event "TG Biberach 1 - Heilbronner SV 1"]
[Site "Oberliga Württemberg 2017/2018"]
[Date "2018.01.21"]
[Round "6"]
[White "Sokratov, Stanislav"]
[Black "Stürmer, Robin"]
[Result "0-1"]
[WhiteElo "2168"]
[BlackElo "2216"]
[Annotator ""]
[Source ""]
[Remark ""]

1.d4 d5 2.c4 e6 3.Nf3 c6 4.e3 Nf6 5.b3 Bb4+ 6.Nbd2 O-O 7.Bd3
Ne4 8.O-O f5 9.a3 Bd6 10.b4 Nd7 11.Qb3 Rf6 12.b5 Rh6 13.g3 g5
14.Rd1 g4 15.Ne1 Qg5 16.Nf1 Qh5 17.a4 Ng5 18.Be2 Nf6 19.Ba3 Bxa3
20.Rxa3 Nfe4 21.Kg2 Bd7 22.Rc1 Qh3+ 23.Kg1 Nd2 0-1

[Event "TG Biberach 1 - Heilbronner SV 1"]
[Site "Oberliga Württemberg 2017/2018"]
[Date "2018.01.21"]
[Round "6"]
[White "Tschlatscher, Thomas"]
[Black "Birkenmaier, Rainer"]
[Result "1/2-1/2"]
[WhiteElo "2117"]
[BlackElo "2057"]
[Annotator ""]
[Source ""]
[Remark ""]

1.b3 Nf6 2.Bb2 g6 3.Bxf6 exf6 4.c4 Bg7 5.Nc3 f5 6.g3 O-O 7.Bg2
c6 8.e3 d6 9.Nge2 Nd7 10.O-O Nf6 11.Rc1 Re8 12.b4 Bd7 13.a4 a6
14.Qb3 Ne4 15.Rfd1 Qe7 16.Nxe4 fxe4 17.d3 Bg4 18.Rd2 Bxe2 19.Rxe2
exd3 20.Rd2 Qc7 21.Rxd3 Rad8 22.Rcd1 Bf8 {(=)} 23.Rb1 Re5 24.Qd1
Rb8 25.h3 Qe7 26.Qd2 Qf6 27.Qb2 Kg7 28.Qd4 Ree8 29.Qxf6+ Kxf6
30.b5 axb5 31.axb5 cxb5 32.Rxb5 Rec8 33.Bd5 Rc5 34.Rb6 Ke7 35.Rdb3
Rc7 36.g4 h6 37.Kg2 Bg7 38.f4 g5 39.Rd3 Bf8 40.Rd4 Kf6 41.Kf3
Be7 42.Rd1 Rd7 43.c5 Rbd8 44.Bxb7 Kg7 45.c6 Rc7 46.Ke4 h5 47.gxh5
Rh8 48.Rg1 Rxh5 49.fxg5 Rxh3 50.Rb5 Bd8 51.Kd4 Re7 52.Re1 Rg3
53.Bc8 Rc7 54.Bd7 Ra7 55.Reb1 Ra4+ 56.R1b4 Rxb4+ 57.Rxb4 Rxg5
58.Rb7 Rc5 59.Rb8 {(=)} Ba5 60.Rb7 Kf8 61.e4 Ke7 62.Rb1 Bc3+
63.Kd3 Ba5 1/2-1/2

[Event "TG Biberach 1 - Heilbronner SV 1"]
[Site "Oberliga Württemberg 2017/2018"]
[Date "2018.01.21"]
[Round "6"]
[White "Namyslo, Holger"]
[Black "Bissbort, Julian"]
[Result "1-0"]
[WhiteElo "2183"]
[BlackElo "2021"]
[Annotator ""]
[Source ""]
[Remark ""]

1.e4 c5 2.Nf3 Nc6 3.d4 cxd4 4.Nxd4 g6 5.Nc3 Bg7 6.Be3 Nf6 7.Bc4
Qa5 8.O-O O-O 9.Bb3 d6 10.f3 Bd7 11.Qd2 Rac8 12.Nxc6 bxc6 13.Rad1
Rfd8 14.Bh6 Qe5 15.Bxg7 Kxg7 16.Qf2 c5 17.Bc4 Rb8 18.f4 Qh5 19.b3
Bc6 20.Rde1 Rb7 21.h3 d5 22.exd5 Be8 23.Re5 Qh6 24.Qxc5 Rd6 25.Qe3
Qh4 26.Rxe7 Rxe7 27.Qxe7 Rd7 28.Qe5 Kf8 29.Re1 Qg3 30.Re3 Qh4
31.g3 Qxh3 32.Qxf6 1-0